| 000 | 00702nam a2200217 a 4500 | ||
|---|---|---|---|
| 005 | 20210223124211.0 | ||
| 008 | 010619s1995 es r 000 0 spa d | ||
| 020 | _a8420625817 | ||
| 035 | _aUPN01000108651 | ||
| 049 | _aCG | ||
| 050 | 4 |
_aB783 _bB7.58 1995 |
|
| 100 | 1 |
_aBruno, Giordano, _d1548-1600 |
|
| 245 | 1 | 0 |
_aExpulsión de la bestia triunfante / _cGiordano Bruno ; tr., introd. y notas de Miguel A. Grandada. |
| 250 | _a2a ed. | ||
| 260 |
_aMadrid : _bAlianza, _c1995. |
||
| 300 | _a305 p. | ||
| 440 | 0 |
_aAlianza univesidad ; _v581 |
|
| 600 | 1 | 4 |
_aBRUNO, GIORDANO, _d1548-1600 - _xCRITICA E INTERPRETACION _99409 |
| 650 | 4 |
_aCRISTIANISMO - _xLITERATURA DE CONTROVERSIA _911501 |
|
| 905 | _aLibro | ||
| 999 |
_c82563 _d82563 |
||